000 00632nam a2200205 i 4500
001 87808
003 ES-MaACL
007 t|
008 041223s1948 ag ||||1| spa d
100 1 _aKurtz, Godofredo.
_969066
245 1 4 _aLos orígenes de la civilización moderna /
_cGodofredo Kurtz ; [traducción de Demetrio Náñez].
250 _a2ª ed.
260 _aBuenos Aires :
_bEmecé,
_c[1948] (
_fCompañía Impresora Argentina)
300 _a481 p. ;
_c23 cm.
490 1 _aSophia
700 1 _aNáñez, Demetrio.
_984908
830 0 _aSophia
_9231805
852 _aES-MaACL
_jB-22135
_bR.28736
999 _c87808
_d87808